Příspěvky a dotace podnikatelům.
Právne predpisy, ktoré umožňujú poskytovať podnikateľom dotácie a príspevky podľa novej vyhlášky MPSV ČR. Náklady na zriadenie nového pracovného miesta, ktoré hradia úrady práce. Príspevok pri zriadení pracovných miest pre zaistenie verejnoprospešných prác a pri zriadení spoločensky účelných pracovn...
Na minha lista:
| Autor principal: | |
|---|---|
| Formato: | Capítulo de Livro |
| Idioma: | tcheco |
| Assuntos: | |
| Tags: |
Sem tags, seja o primeiro a adicionar uma tag!
|
MARC
| LEADER | 00000naa a2200000 4500 | ||
|---|---|---|---|
| 001 | r012256 | ||
| 005 | 20220826093941.2 | ||
| 041 | 0 | |a cze | |
| 044 | |a CZ | ||
| 245 | 1 | 0 | |a Příspěvky a dotace podnikatelům. |c L. Jouza |
| 520 | |a Právne predpisy, ktoré umožňujú poskytovať podnikateľom dotácie a príspevky podľa novej vyhlášky MPSV ČR. Náklady na zriadenie nového pracovného miesta, ktoré hradia úrady práce. Príspevok pri zriadení pracovných miest pre zaistenie verejnoprospešných prác a pri zriadení spoločensky účelných pracovných miest. Pôžičky podľa vládneho programu podpory malého a stredného podnikania. Podnikatelia vo vybraných oblastiach. | ||
| 610 | 2 | 0 | |a podnikatelia |
| 610 | 2 | 0 | |a miesta pracovné |
| 610 | 2 | 0 | |a dotácie |
| 610 | 2 | 0 | |a pôžičky |
| 610 | 2 | 0 | |a programy vládne |
| 610 | 2 | 0 | |a Čechy |
| 610 | 2 | 0 | |a úrady práce |
| 610 | 2 | 0 | |a vyhlášky |
| 610 | 2 | 0 | |a práce verejnoprospešné |
| 100 | 1 | |a Jouza, L. | |